Statistieken voor namen van kinderen uit mijn klas

Klik hier om de quiz te nemen!

Algemene statistieken

  • Deze quiz is 82 keer genomen
  • De gemiddelde score is 2 van 12

Antwoordstatistieken

Antwoord% Correct
xander
67%
bram
21%
ruben
15%
maxim
10%
joris
8%
ties
8%
ivar
6%
ivo
6%
jennifer
6%
wes
6%
nova
4%
vinz
2%

Scoreverdeling

Percentiel versus Aantal Correcte Antwoorden

Procent van Mensen met Elke Score

Uw Scoregeschiedenis

U heeft deze quiz nog niet genomen